[Event "Heusenstamm Schloss op"]
[Site "Heusenstamm"]
[Date "2023.11.25"]
[Round "5"]
[White "Marcziter, Dmitrii"]
[Black "Von Auer, Ulrich"]
[Result "0-1"]
[WhiteElo "2224"]
[BlackElo "1937"]
[PlyCount "124"]
[EventDate "2023.11.23"]
[EventType "swiss"]
[EventRounds "7"]
[EventCountry "GER"]
[SourceTitle "CB50_2023"]
[SourceDate "2023.12.13"]
[SourceVersion "1"]
[SourceVersionDate "2023.12.13"]
[SourceQuality "1"]

1. d4 Nf6 2. c4 g6 3. Nf3 Bg7 4. g3 d5 5. cxd5 Nxd5 6. Bg2 Nb6 7. 0-0 Nc6 8. e3 0-0 9. Nc3 Re8 10. d5 Na5 11. Nd4 Bd7 12. b3 c6 13. e4 cxd5 14. exd5 e6 15. Be3 exd5 16. Rc1 Nc6 17. Ndb5 Be6 18. Bf4 Be5 19. Qd2 a6 20. Bxe5 Nxe5 21. Nd4 Rc8 22. Rfd1 Qf6 23. h3 Red8 24. Qe3 Rd6 25. a4 Rcd8 26. Rc2 Nc8 27. Rcd2 Nc6 28. Nce2 N8e7 29. g4 Nxd4 30. Nxd4 Nc6 31. f4 Nxd4 32. Rxd4 h5 33. f5 gxf5 34. gxh5 Kh7 35. Kh2 Rg8 36. Bf3 Rc6 37. R1d2 Qg7 38. Rg2 Rc2 39. Rdd2 Rxd2 40. Qxd2 Qe5+ 41. Kg1 Rxg2+ 42. Kxg2 b5 43. a5 d4 44. b4 Bd5 45. Bxd5 Qxd5+ 46. Kf2 d3 47. h6 Qd6 48. Ke3 Qxh6+ 49. Kxd3 Qxh3+ 50. Kd4 Qh6 51. Qe1 Qd6+ 52. Kc3 Qf6+ 53. Kd3 f4 54. Qh1+ Kg7 55. Qf3 Qd6+ 56. Kc3 Qe5+ 57. Kc2 Kf6 58. Qc6+ Qe6 59. Qc3+ Kg6 60. Qf3 f5 61. Qg2+ Kf6 62. Qh2 Qa2+ 0-1

[Event "Bamberg op-A 5th"]
[Site "Bamberg"]
[Date "2023.07.26"]
[Round "1"]
[White "Mazur, Stefan"]
[Black "Von Auer, Ulrich"]
[Result "1-0"]
[WhiteElo "2467"]
[BlackElo "1969"]
[PlyCount "61"]
[EventDate "2023.07.26"]
[EventType "swiss"]
[EventRounds "7"]
[EventCountry "GER"]
[SourceTitle "CBM 215 Extra"]
[Source "ChessBase"]
[SourceDate "2023.09.30"]
[SourceVersion "1"]
[SourceVersionDate "2023.09.30"]
[SourceQuality "1"]

1. e4 e6 2. Bb5 c6 3. Ba4 d5 4. e5 Bd7 5. c3 c5 6. Bc2 Nc6 7. Nf3 Qc7 8. Qe2 0-0-0 9. 0-0 f6 10. d4 fxe5 11. dxe5 h6 12. Bf4 g5 13. Bg3 Bg7 14. Na3 Rf8 15. Nb5 Qd8 16. b4 c4 17. Nd6+ Kb8 18. b5 Na5 19. Nd4 Ne7 20. Rab1 Nc8 21. Nc6+ Nxc6 22. bxc6 Bxc6 23. Ba4 Nxd6 24. Bxc6 Qc7 25. Bxd5 exd5 26. exd6 Qd7 27. Rfd1 Rf5 28. Qe3 h5 29. h3 h4 30. Bh2 Re8 31. Qxe8+ 1-0

[Event "Rhein Main op-A 25th"]
[Site "Bad Homburg"]
[Date "2023.06.10"]
[Round "6"]
[White "Hipler, Andreas"]
[Black "Von Auer, Ulrich"]
[Result "0-1"]
[WhiteElo "1747"]
[BlackElo "2015"]
[PlyCount "94"]
[EventDate "2023.06.07"]
[EventType "swiss"]
[EventRounds "7"]
[EventCountry "GER"]
[SourceTitle "CBM 215 Extra"]
[Source "ChessBase"]
[SourceDate "2023.09.30"]
[SourceVersion "1"]
[SourceVersionDate "2023.09.30"]
[SourceQuality "1"]

1. d4 Nf6 2. Nf3 b6 3. g3 Bb7 4. Bg2 c5 5. 0-0 e6 6. c4 cxd4 7. Nxd4 Bxg2 8. Kxg2 Qc7 9. b3 a6 10. Bb2 Bc5 11. Qd3 Nc6 12. Nxc6 Qxc6+ 13. Qf3 Qxf3+ 14. Kxf3 Be7 15. Nc3 0-0 16. Rfd1 Rfd8 17. Rd3 d6 18. Rad1 Nd7 19. Kg2 f5 20. Ba3 Nc5 21. Bxc5 bxc5 22. e4 g6 23. exf5 gxf5 24. Re1 Kf7 25. Rde3 Bf6 26. Na4 Re8 27. Rd3 Bd4 28. Nc3 Re7 29. Ne2 e5 30. Rdd1 a5 31. a4 Rb8 32. Nxd4 cxd4 33. f4 Rxb3 34. fxe5 dxe5 35. c5 Rc3 36. Rc1 Rxc1 37. Rxc1 Rc7 38. c6 Ke6 39. Rc5 Kd6 40. Rxa5 Rxc6 41. Ra8 Rc2+ 42. Kg1 Kd5 43. h3 Ra2 44. a5 Ke4 45. g4 fxg4 46. hxg4 d3 47. Kf1 Ke3 0-1

[Event "Rhein Main op-A 25th"]
[Site "Bad Homburg"]
[Date "2023.06.08"]
[Round "3"]
[White "Schulze, Fabian"]
[Black "Von Auer, Ulrich"]
[Result "1-0"]
[WhiteElo "1669"]
[BlackElo "2015"]
[PlyCount "109"]
[EventDate "2023.06.07"]
[EventType "swiss"]
[EventRounds "7"]
[EventCountry "GER"]
[SourceTitle "CBM 215 Extra"]
[Source "ChessBase"]
[SourceDate "2023.09.30"]
[SourceVersion "1"]
[SourceVersionDate "2023.09.30"]
[SourceQuality "1"]

1. d4 Nf6 2. c3 b6 3. Nd2 Bb7 4. e3 e6 5. f4 Be7 6. Ngf3 0-0 7. Bd3 d5 8. 0-0 c5 9. Ne5 Ne4 10. Rf3 f6 11. Ng4 h5 12. Rh3 hxg4 13. Qxg4 f5 14. Qg6 Bf6 15. Nf3 Qe8 16. Qh7+ Kf7 17. Bxe4 dxe4 18. Ne5+ Bxe5 19. dxe5 Na6 20. Rg3 Rg8 21. b4 Rd8 22. Ba3 Rd5 23. bxc5 Nxc5 24. Rb1 Ba6 25. h4 Be2 26. Rg5 Kf8 27. h5 Qf7 28. Rg6 Rd1+ 29. Rxd1 Bxd1 30. h6 Ba4 31. hxg7+ Ke7 32. Bxc5+ bxc5 33. Qh4+ Kd7 34. Qf6 Qxf6 35. exf6 Ke8 36. Rh6 Kf7 37. Kf2 Bb5 38. Kg3 a5 39. Kh4 a4 40. a3 Be8 41. Kg5 Bd7 42. g4 fxg4 43. Kxg4 Bc8 44. Kg5 Bd7 45. Rh8 e5 46. fxe5 Be6 47. Kf4 Bd5 48. Kf5 Be6+ 49. Kxe4 Bc4 50. Kf5 Bb3 51. Kg5 Be6 52. e4 c4 53. Kh6 Bf5 54. exf5 Rxh8+ 55. gxh8N+ 1-0

[Event "Heusenstamm Schloss op"]
[Site "Heusenstamm"]
[Date "2022.11.20"]
[Round "7"]
[White "Foerster Yialamas, Lucas"]
[Black "Von Auer, Ulrich"]
[Result "1-0"]
[WhiteElo "2125"]
[BlackElo "2025"]
[PlyCount "65"]
[EventDate "2022.11.17"]
[EventType "swiss"]
[EventRounds "7"]
[EventCountry "GER"]
[SourceTitle "CBM 212 Extra"]
[Source "ChessBase"]
[SourceDate "2023.03.31"]
[SourceVersion "1"]
[SourceVersionDate "2023.03.31"]
[SourceQuality "1"]

1. e4 e6 2. d4 d5 3. Nc3 Nf6 4. e5 Nfd7 5. f4 c5 6. Nf3 Nc6 7. Be3 Be7 8. Qd2 0-0 9. dxc5 Qa5 10. 0-0-0 b6 11. Bb5 Nb4 12. a3 bxc5 13. Bxd7 Bxd7 14. axb4 cxb4 15. Nb1 Rfc8 16. Nd4 Qa2 17. Qd3 a5 18. f5 a4 19. f6 Bc5 20. Rhf1 a3 21. bxa3 bxa3 22. Nc3 Qb2+ 23. Kd2 Bb4 24. Nde2 a2 25. Ra1 Rab8 26. Bd4 Bb5 27. Qg3 g6 28. Qe3 Bxe2 29. Kxe2 Qxc2+ 30. Kf3 Bxc3 31. Qh6 Qd3+ 32. Kg4 Qe4+ 33. Kh3 1-0

[Event "Heusenstamm Schloss op"]
[Site "Heusenstamm"]
[Date "2022.11.19"]
[Round "5"]
[White "Chassard, Cedric"]
[Black "Von Auer, Ulrich"]
[Result "1/2-1/2"]
[WhiteElo "2041"]
[BlackElo "2025"]
[PlyCount "53"]
[EventDate "2022.11.17"]
[EventType "swiss"]
[EventRounds "7"]
[EventCountry "GER"]
[SourceTitle "CBM 212 Extra"]
[Source "ChessBase"]
[SourceDate "2023.03.31"]
[SourceVersion "1"]
[SourceVersionDate "2023.03.31"]
[SourceQuality "1"]

1. e4 e6 2. d4 d5 3. Nd2 Be7 4. Ngf3 Nf6 5. Bd3 c5 6. e5 Nfd7 7. c3 Nc6 8. 0-0 a5 9. b3 cxd4 10. cxd4 0-0 11. Bb2 b6 12. Ne1 Ba6 13. f4 Bxd3 14. Nxd3 f5 15. exf6 Rxf6 16. Ne5 Ndxe5 17. fxe5 Rxf1+ 18. Qxf1 Rc8 19. a3 Bg5 20. Nf3 Be3+ 21. Kh1 Ne7 22. Bc1 Nf5 23. Bxe3 Nxe3 24. Qd3 Nf5 25. Rf1 h6 26. g4 Nh4 27. a4 1/2-1/2

[Event "Heusenstamm Sparkassen op-A 7th"]
[Site "Heusenstamm"]
[Date "2021.11.19"]
[Round "3.40"]
[White "Mehlen, Theodor"]
[Black "Von Auer, Ulrich"]
[Result "1/2-1/2"]
[WhiteElo "1861"]
[BlackElo "2033"]
[PlyCount "60"]
[EventDate "2021.11.18"]
[EventType "swiss"]
[EventRounds "7"]
[EventCountry "GER"]
[SourceTitle "EXT 2023"]
[Source "ChessBase"]
[SourceDate "2022.10.05"]
[SourceVersion "1"]
[SourceVersionDate "2022.10.05"]
[SourceQuality "1"]

1. e4 e6 2. d4 d5 3. Nc3 Nf6 4. exd5 exd5 5. Bd3 c5 6. Qe2+ Be7 7. dxc5 0-0 8. Nf3 Bg4 9. h3 Bh5 10. g4 Bg6 11. Be3 Nc6 12. Bxg6 hxg6 13. 0-0-0 Qa5 14. Qb5 Qxb5 15. Nxb5 Rfd8 16. Kb1 Ne4 17. Nc7 Rac8 18. Nxd5 Bxc5 19. Bxc5 Nxc5 20. Nc3 f6 21. Kc1 Kf7 22. a3 g5 23. h4 gxh4 24. Rxh4 Rxd1+ 25. Kxd1 Rd8+ 26. Ke2 Ne6 27. g5 Ncd4+ 28. Nxd4 Nxd4+ 29. Kf1 fxg5 30. Rg4 Ne6 1/2-1/2

[Event "Heusenstamm Sparkassen op-A 6th"]
[Site "Heusenstamm"]
[Date "2019.11.22"]
[Round "2"]
[White "Von Auer, Ulrich"]
[Black "Boos, Markus"]
[Result "0-1"]
[WhiteElo "2033"]
[BlackElo "2165"]
[PlyCount "58"]
[EventDate "2019.11.21"]
[EventType "swiss"]
[EventRounds "7"]
[EventCountry "GER"]
[SourceTitle "CBM 194 Extra"]
[Source "ChessBase"]
[SourceDate "2020.03.31"]
[SourceVersion "1"]
[SourceVersionDate "2020.03.31"]
[SourceQuality "1"]

1. Nf3 Nf6 2. c4 e6 3. g3 d5 4. Bg2 d4 5. d3 c5 6. b4 cxb4 7. a3 bxa3 8. 0-0 Nc6 9. Nbd2 Be7 10. Bxa3 0-0 11. Qb3 a5 12. c5 Nd5 13. Rfc1 Ra6 14. Qc4 Nc3 15. Kf1 e5 16. Qb3 Qc7 17. Nc4 Be6 18. Nfd2 Bg5 19. Rc2 Rb8 20. Qb2 Nb4 21. Bxb4 axb4 22. Rxa6 bxa6 23. Qa1 Bxd2 24. Rxd2 Qxc5 25. Qxa6 Bxc4 26. dxc4 e4 27. Rb2 b3 28. Ke1 Qb4 29. Qa7 Nb5+ 0-1

[Event "Bayern-chI Bank Hofmann 23rd"]
[Site "Tegernsee"]
[Date "2019.11.02"]
[Round "8"]
[White "Von Auer, Ulrich"]
[Black "Schnepp, Gunnar"]
[Result "0-1"]
[WhiteElo "2033"]
[BlackElo "2256"]
[PlyCount "45"]
[EventDate "2019.10.26"]
[EventType "swiss"]
[EventRounds "9"]
[EventCountry "GER"]
[SourceTitle "CBM 192 Extra"]
[Source "Chessbase"]
[SourceDate "2019.11.06"]
[SourceVersion "1"]
[SourceVersionDate "2019.11.06"]
[SourceQuality "1"]

1. d4 Nf6 2. Nf3 c5 3. c4 cxd4 4. Nxd4 b6 5. Nc3 Bb7 6. f3 d6 7. e4 e6 8. Be2 a6 9. 0-0 Nbd7 10. b3 Be7 11. Bb2 g5 12. Kh1 h5 13. Bd3 g4 14. f4 Nc5 15. Qe2 h4 16. Rad1 Nxd3 17. Rxd3 Qc7 18. e5 h3 19. Kg1 hxg2 20. Re1 dxe5 21. fxe5 0-0-0 22. Nd5 exd5 23. exf6 0-1

[Event "Rhein Main op-A 21st"]
[Site "Bad Homburg"]
[Date "2018.05.31"]
[Round "2"]
[White "Lorscheid, Gerhard"]
[Black "Von Auer, Ulrich"]
[Result "1/2-1/2"]
[WhiteElo "2200"]
[BlackElo "2055"]
[PlyCount "98"]
[EventDate "2018.05.30"]
[EventType "swiss"]
[EventRounds "7"]
[EventCountry "GER"]
[SourceTitle "EXT 2019"]
[Source "ChessBase"]
[SourceDate "2018.10.10"]
[SourceVersion "1"]
[SourceVersionDate "2018.10.10"]
[SourceQuality "1"]

1. d4 Nf6 2. c4 g6 3. Nc3 d5 4. Bg5 Ne4 5. Bh4 Nxc3 6. bxc3 dxc4 7. e3 Be6 8. Nf3 Bg7 9. Qb1 Qd5 10. Nd2 Nd7 11. Nxc4 Bf5 12. Qb3 c5 13. Rc1 0-0 14. Nd2 Qxb3 15. axb3 cxd4 16. cxd4 Rfc8 17. Rxc8+ Rxc8 18. e4 Rc1+ 19. Ke2 g5 20. Bxg5 Bg6 21. Be3 b5 22. g4 a5 23. Bg2 Rxh1 24. Bxh1 e5 25. dxe5 Nxe5 26. h3 f6 27. f4 Nd7 28. Kd3 Bf8 29. Bf3 Bf7 30. Bd1 Bb4 31. Nb1 Nc5+ 32. Bxc5 Bxc5 33. Nc3 Be8 34. Kc2 Bc6 35. Be2 Bb4 36. Bxb5 Bxc3 37. Bxc6 Bb4 38. e5 fxe5 39. fxe5 h6 40. Kd3 Kg7 41. Be4 Be7 42. Kd4 Kf8 43. Kd5 Kg7 44. Ke6 Kf8 45. Kf5 Kg7 46. Bd5 Bh4 47. Kf4 Kf8 48. Bc4 Kg7 49. Kf5 Be7 1/2-1/2

[Event "Heusenstamm Sparkassen op-A 4th"]
[Site "Heusenstamm"]
[Date "2017.11.26"]
[Round "6"]
[White "Meessen, Max"]
[Black "Von Auer, Ulrich"]
[Result "1-0"]
[WhiteElo "2193"]
[BlackElo "2055"]
[PlyCount "91"]
[EventDate "2017.11.23"]
[EventType "swiss"]
[EventRounds "7"]
[EventCountry "GER"]
[SourceTitle "EXT 2019"]
[Source "ChessBase"]
[SourceDate "2018.10.10"]
[SourceVersion "1"]
[SourceVersionDate "2018.10.10"]
[SourceQuality "1"]

1. d4 Nf6 2. c4 g6 3. f3 d5 4. cxd5 Nxd5 5. e4 Nb6 6. Nc3 Bg7 7. Be3 0-0 8. Qd2 Nc6 9. 0-0-0 f5 10. e5 Nb4 11. Nh3 N4d5 12. Nxd5 Qxd5 13. Kb1 Rd8 14. Nf4 Qf7 15. Qc1 Be6 16. Nxe6 Qxe6 17. Be2 c6 18. h4 Nd5 19. h5 b5 20. hxg6 hxg6 21. Bh6 Nb4 22. b3 a5 23. Bxg7 Kxg7 24. Qh6+ Kf7 25. Qh7+ Ke8 26. Rh6 Qf7 27. Qxg6 Qxg6 28. Rxg6 Kf7 29. Rh6 Rh8 30. Rxh8 Rxh8 31. Rc1 Rh2 32. a3 Nd5 33. Rxc6 Rxg2 34. Bxb5 Rd2 35. Bc4 Rxd4 36. Rc5 e6 37. Rxa5 Kg6 38. Ra6 Kg5 39. Rxe6 Rd1+ 40. Kc2 Ne3+ 41. Kc3 Kf4 42. a4 Kxf3 43. a5 Ke4 44. Re8 f4 45. e6 Ra1 46. e7 1-0

[Event "Heusenstamm Sparkassen op-A 4th"]
[Site "Heusenstamm"]
[Date "2017.11.26"]
[Round "7"]
[White "Von Auer, Ulrich"]
[Black "Hochmuth, Christian"]
[Result "1/2-1/2"]
[WhiteElo "2055"]
[BlackElo "1911"]
[PlyCount "40"]
[EventDate "2017.11.23"]
[EventType "swiss"]
[EventRounds "7"]
[EventCountry "GER"]
[SourceTitle "EXT 2019"]
[Source "ChessBase"]
[SourceDate "2018.10.10"]
[SourceVersion "1"]
[SourceVersionDate "2018.10.10"]
[SourceQuality "1"]

1. d4 Nf6 2. c4 g6 3. Nc3 Bg7 4. e4 d6 5. h3 0-0 6. Bg5 Na6 7. Bd3 e5 8. d5 c5 9. Qd2 Nc7 10. Nge2 Qe8 11. g4 Rb8 12. Ng3 a6 13. a4 b6 14. Bh6 Bxh6 15. Qxh6 Kh8 16. f3 Ng8 17. Qd2 Bd7 18. 0-0 Rb7 19. b3 Qe7 20. Kg2 Rfb8 1/2-1/2

[Event "Heusenstamm Sparkassen op-A 2nd"]
[Site "Heusenstamm"]
[Date "2015.11.27"]
[Round "3"]
[White "Von Auer, Ulrich"]
[Black "Neubauer, Robert"]
[Result "1-0"]
[WhiteElo "2014"]
[BlackElo "1810"]
[PlyCount "57"]
[EventDate "2015.11.26"]
[EventType "swiss"]
[EventRounds "7"]
[EventCountry "GER"]
[SourceTitle "EXT 2018"]
[Source "ChessBase"]
[SourceDate "2017.10.13"]
[SourceVersion "1"]
[SourceVersionDate "2017.10.13"]
[SourceQuality "1"]

1. d4 Nf6 2. c4 g6 3. Nc3 d5 4. cxd5 Nxd5 5. e4 Nxc3 6. bxc3 Bg7 7. Nf3 0-0 8. Be3 c5 9. Qd2 Qa5 10. Rc1 Rd8 11. d5 Bg4 12. Be2 Nd7 13. h3 Bxf3 14. Bxf3 b5 15. 0-0 Qa4 16. Rfe1 b4 17. cxb4 cxb4 18. Bd4 Bxd4 19. Qxd4 a5 20. Qb2 Rac8 21. Bg4 Qb5 22. e5 Rxc1 23. Qxc1 Nc5 24. Be2 Qb6 25. Bc4 Na4 26. d6 exd6 27. e6 fxe6 28. Rxe6 Kh8 29. Qf4 1-0

[Event "Vellmar op 7th"]
[Site "Vellmar"]
[Date "2015.08.06"]
[Round "1"]
[White "Von Auer, Ulrich"]
[Black "Rehbein, Ulrich"]
[Result "1-0"]
[WhiteElo "2073"]
[BlackElo "1832"]
[PlyCount "43"]
[EventDate "2015.08.06"]
[EventType "swiss"]
[EventRounds "7"]
[EventCountry "GER"]
[SourceTitle "CBM 167 Extra"]
[Source "ChessBase"]
[SourceDate "2015.09.14"]
[SourceVersion "1"]
[SourceVersionDate "2015.09.14"]
[SourceQuality "1"]

1. d4 c5 2. d5 Nf6 3. c4 g6 4. Nc3 Bg7 5. e4 d6 6. h3 0-0 7. Nf3 b5 8. cxb5 a6 9. a4 axb5 10. Bxb5 Ba6 11. Bd2 e6 12. dxe6 fxe6 13. e5 Nd5 14. exd6 Qxd6 15. 0-0 Nc6 16. Ne4 Qc7 17. Bxa6 Rxa6 18. Nxc5 Qa7 19. Nxa6 Qxa6 20. Re1 e5 21. Qb3 Nce7 22. Bg5 1-0

[Event "Hessen-ch op-A"]
[Site "Frankfurt Sossenheim"]
[Date "2015.??.??"]
[Round "3"]
[White "Von Auer, Ulrich"]
[Black "Seehaus, Bernhard"]
[Result "1/2-1/2"]
[WhiteElo "2067"]
[BlackElo "1991"]
[PlyCount "48"]
[EventDate "2015.05.13"]
[EventType "swiss"]
[EventRounds "7"]
[EventCountry "GER"]
[SourceTitle "EXT 2016"]
[Source "ChessBase"]
[SourceDate "2015.10.08"]
[SourceVersion "1"]
[SourceVersionDate "2015.10.08"]
[SourceQuality "1"]

1. Nf3 d6 2. g3 e5 3. d3 f5 4. Bg2 Nf6 5. c4 Be7 6. Nc3 0-0 7. 0-0 Qe8 8. Ne1 a5 9. Bd2 c6 10. f4 Na6 11. e3 Nc5 12. d4 exd4 13. exd4 Nce4 14. Nf3 h6 15. Qe2 Qf7 16. b3 Bd7 17. Qd3 Nxd2 18. Qxd2 Ne4 19. Qd3 Nxc3 20. Qxc3 Bf6 21. c5 dxc5 22. Qxc5 a4 23. b4 Rad8 24. Ne5 Bxe5 1/2-1/2

[Event "Karl Mala Memorial op-A 17th"]
[Site "Frankfurt"]
[Date "2014.08.03"]
[Round "6"]
[White "Vassilev, Martin"]
[Black "Von Auer, Ulrich"]
[Result "1/2-1/2"]
[WhiteElo "1867"]
[BlackElo "2062"]
[PlyCount "130"]
[EventDate "2014.07.31"]
[EventType "swiss"]
[EventRounds "7"]
[EventCountry "GER"]
[SourceTitle "EXT 2015"]
[Source "ChessBase"]
[SourceDate "2014.11.20"]
[SourceVersion "1"]
[SourceVersionDate "2014.11.20"]
[SourceQuality "1"]

1. d4 Nf6 2. c4 g6 3. Nc3 Bg7 4. Nf3 0-0 5. Bg5 d6 6. e3 c6 7. Be2 a6 8. a4 a5 9. 0-0 Na6 10. Nd2 h6 11. Bh4 Qe8 12. f4 Nh7 13. Bg4 f5 14. Bf3 e5 15. Bf2 e4 16. Be2 Nb4 17. Rc1 Be6 18. b3 Qf7 19. Kh1 Nf6 20. Rg1 Kh7 21. Qf1 d5 22. c5 g5 23. g3 Rh8 24. h3 Kg8 25. Rg2 Kf8 26. Ndb1 Ke7 27. Na3 Kd7 28. Nc2 Nxc2 29. Rxc2 Bf8 30. Rb2 Be7 31. b4 axb4 32. Rxb4 Kc7 33. Qb1 Rhb8 34. Rg1 Qe8 35. Qb2 Qc8 36. Rb1 Bf7 37. Kh2 Bh5 38. Bxh5 Nxh5 39. Qe2 Nf6 40. Qb2 Bd8 41. Be1 Ra7 42. Rb3 Kd7 43. Qf2 g4 44. h4 Ba5 45. Qa2 Ke6 46. Ne2 Bxe1 47. Rxe1 Ne8 48. Reb1 Kf6 49. Kg2 Nc7 50. Nc3 Ne6 51. Kf2 Nd8 52. R1b2 Rba8 53. Rb6 Ra6 54. Nxd5+ Kg7 55. Rxa6 Rxa6 56. Nb6 Qe6 57. Qxe6 Nxe6 58. Ke2 Kf7 59. Kd2 Ke8 60. Kc3 Kd8 61. Kc4 Ng7 62. Kb4 Nh5 63. Rg2 Ke7 64. Nc4 Nf6 65. Nb6 Nh5 1/2-1/2